| 000 | 00678nam a2200205 a 4500 | ||
|---|---|---|---|
| 999 |
_c2781 _d2781 |
||
| 001 | 2781 | ||
| 003 | BD-JhCC | ||
| 005 | 20180307123815.0 | ||
| 008 | 171106b1971 bg ||||| |||| 00| 0 ben d | ||
| 035 | _a(BD-JhCC) | ||
| 040 |
_aBD-JhCC _dBD-JhCC |
||
| 041 | _aben | ||
| 082 |
_a813.54 _bMAH 1971 |
||
| 100 | _aমহীউদ্দীন, এ কে এম | ||
| 245 |
_aগল্পে আসরে আইজেনহাওয়ার / _cএ কে এম মহীউদ্দীন |
||
| 260 |
_aঢাকা: _bখোশরোজ কিতাব মহল _c১৯৭১ |
||
| 300 |
_a১৪০ পৃ.; _c২২ সেমি |
||
| 650 | _aBengali novel | ||
| 942 |
_2ddc _cBK |
||